Odborné kreslení pro 1. ročník odborných učilišť a učňovských škol : učební obor brašnář /

Hlavní autor: Dvořák, Zdeněk
Další autoři: Studenovský, Oldřich
Jazyk: Čeština
Vydáno: Praha : Státní nakladatelství technické literatury, 1968
Vydání: 3. nezm. vyd.
Témata:
Fyzický popis: 57 s.
Knihy
Uloženo v:
LEADER 00918nam a2200229 a 4500
001 000681297
003 CZ BrMZK
005 20091112082314.0
008 030811s1968 xr f cze d
015 |a cnb000425151 
035 |a (OCoLC)42172348 
040 |a BOA001  |b cze  |c BOA001 
100 1 |a Dvořák, Zdeněk  |7 jx20040406006  |4 aut 
245 1 0 |a Odborné kreslení pro 1. ročník odborných učilišť a učňovských škol :  |b učební obor brašnář /  |c Zdeněk Dvořák, Oldřich Studenovský 
250 |a 3. nezm. vyd. 
260 |a Praha :  |b Státní nakladatelství technické literatury,  |c 1968 
300 |a 57 s. 
700 1 |a Studenovský, Oldřich  |7 jx20050802062  |4 aut 
910 |a BOA001  |b PK-N-0006.940-68 
964 |a Brašnářství - kreslení odborné - učebnice - školy učňovské 
990 |a BK 
996 7 |b 3119653804  |c PK-N-0006.940-68  |l MZK  |r Sklad / do 1 hodiny  |n 2  |w 000681297  |u 000010  |a 1  |e BOA001  |j MZK50  |s A